000 00690nam a2200253Ia 4500
001 3285
005 20240113233621.0
007 ta
008 050423s1988 a g b000 u eng u
020 _a0-07-462464-4
040 _aCotton College Assam
041 _aeng
082 _a530
_bT A T
110 _aTata McGraw-Hill`s .
245 0 _aCourse in Physics for I I T -Joint Entrance Examination /
_cTata McGraw-Hill`s.
_hTextual Documents
250 _a5th ed. /
260 _aNew Delhi :
_bTata McGraw-Hill`s ,
_c1988.
300 _a951p. :
_bill ;
_c23 cm. .
500 _aReprint.
653 _aPhysics
942 _2ddc
_cBK
999 _c3273
_d3273